000 00513nam a2200193Ia 4500
003 OSt
005 20260428114649.0
008 210210b1982 xxu||||| |||| 00| 0 eng d
040 _cAL
041 _aKannada
082 _a928K ENKB
100 _aENKE
_dಎನ್ಕೆ
_9262421
245 _aSavirada kavi Bendre.
_bಸಾವಿರದ ಕವಿ ಬೇಂದ್ರೆ
260 _aBengaluru.
_bAi Bi Ech Prakashana
_c1982
300 _a51
690 _aBiography
_9262422
906 _a038822
942 _2ddc
_cBK
999 _c88861
_d88861